Quantity food purchasing /
This book contains a number of the new laws and governmental changes that have influenced purchasing.
Spremljeno u:
| Glavni autor: | |
|---|---|
| Daljnji autori: | |
| Format: | Knjiga |
| Jezik: | English |
| Izdano: |
Upper Saddler River, NJ :
Prentice Hall,
1999.
|
| Teme: | |
| Oznake: |
Dodaj oznaku
Bez oznaka, Budi prvi tko označuje ovaj zapis!
|
| Thư viện lưu trữ: | Mạng thư viện Đại học Đà Nẵng |
|---|
| LEADER | 01005cam a2200337 i 4500 | ||
|---|---|---|---|
| 001 | 000047737 | ||
| 003 | 7430 | ||
| 005 | 20030319082141.0 | ||
| 008 | 010324|1999 vm 000 eng | ||
| 020 | |a 0130958816 | ||
| 040 | |a IRC |c IRC |d IRC | ||
| 041 | 0 | |a eng | |
| 082 | 1 | 4 | |a 647.950687 |b KO-L |
| 100 | 1 | |a Kotschevar, Lendal H. |q (Lendal Henry), |d 1908- | |
| 245 | 0 | 0 | |a Quantity food purchasing / |c Lendal H. Kotschevar, Richard Donnelly. |
| 260 | |a Upper Saddler River, NJ : |b Prentice Hall, |c 1999. | ||
| 300 | |a 665 p. ; |c 23.5cm. | ||
| 520 | 3 | |a This book contains a number of the new laws and governmental changes that have influenced purchasing. | |
| 630 | 0 | 4 | |a Food service purchasing. |
| 650 | 0 | 4 | |a Food service purchasing. |
| 700 | 1 | |a Donnelly, Richard. | |
| OWN | |a DUT | ||
| 999 | |a From the UDN01 | ||
| TYP | |a Monograph | ||
| TYP | |a Printed language | ||
| 980 | |a Mạng thư viện Đại học Đà Nẵng | ||


